[Event "Division Honor Aragonesa Grupo A "]
[Site "Aragon"]
[Date "2017.02.11"]
[Round "3.4"]
[White "Llanes Luno, Pedro Alfredo"]
[Black "Pellicer Cerezuela, Miguel"]
[Result "0-1"]
[WhiteElo "2059"]
[BlackElo "2023"]
[PlyCount "70"]
[EventDate "2017.01.28"]
[WhiteTeam "Delicias"]
[BlackTeam "L'Aurora Estadilla"]

1. Nf3 Nf6 2. d4 b6 3. Bf4 Bb7 4. e3 e6 5. Bd3 Be7 6. Nbd2 c5 7. c3 d5 8. Bxb8
Qxb8 9. Qa4+ Kf8 10. Ne5 Bd6 11. f4 Qe8 12. Bb5 Qe7 13. O-O a6 14. Bc6 b5 15.
Qc2 Bxc6 16. Nxc6 Qc7 17. Ne5 g6 18. Rac1 Kg7 19. Qb1 Qb6 20. Rf2 Rac8 21. Rcf1
Rc7 22. b4 cxb4 23. cxb4 Rhc8 24. Nd3 Rc3 25. Re2 a5 26. bxa5 Qxa5 27. Nb3 Qa4
28. Nbc5 Qc4 29. Rc1 Rxc1+ 30. Nxc1 Bxc5 31. Rc2 Qa4 32. Nb3 Bxd4 33. Rxc8
Bxe3+ 34. Kh1 Qxf4 35. Nc5 Ng4 0-1

[Event "Division Honor Aragonesa Grupo A "]
[Site "Aragon"]
[Date "2017.02.11"]
[Round "3.5"]
[White "Gavin Roche, Enrique"]
[Black "Forcen Esteban, Daniel"]
[Result "0-1"]
[WhiteElo "2261"]
[BlackElo "2541"]
[PlyCount "70"]
[EventDate "2017.01.28"]
[WhiteTeam "ONCE C.A. Aragon"]
[BlackTeam "Jaime Casas"]

1. d4 Nf6 2. c4 g6 3. Nc3 Bg7 4. e4 d6 5. Be2 O-O 6. Nf3 e5 7. d5 Nbd7 8. Bg5
h6 9. Bh4 g5 10. Bg3 Nh5 11. h4 g4 12. Nd2 Ndf6 13. Nf1 c6 14. Qd2 Qb6 15. Bh2
Nf4 16. Ne3 h5 17. Rd1 Bh6 18. O-O Ne8 19. Kh1 Ng6 20. g3 f5 21. exf5 Bxf5 22.
Bd3 Ne7 23. Ne4 Bg6 24. Ng5 Bxg5 25. hxg5 Bxd3 26. Qxd3 Rf3 27. Qe4 Rd8 28.
Nxg4 hxg4 29. Qxg4 Rf5 30. Bg1 Qa6 31. b3 Ng7 32. f4 cxd5 33. Rf2 d4 34. Bh2
Rdf8 35. Qh3 Rxg5 0-1

[Event "Division Honor Aragonesa Grupo A "]
[Site "Aragon"]
[Date "2017.02.11"]
[Round "3.6"]
[White "Antoli Royo, Joaquin Miguel"]
[Black "Laliena Solanes, Luis"]
[Result "1-0"]
[WhiteElo "2435"]
[BlackElo "2179"]
[PlyCount "77"]
[EventDate "2017.01.28"]
[WhiteTeam "Jaime Casas"]
[BlackTeam "ONCE C.A. Aragon"]

1. d4 Nf6 2. Nf3 d5 3. c4 dxc4 4. Nc3 a6 5. e4 b5 6. e5 Nd5 7. Nxd5 Qxd5 8. Be2
e6 9. Ng5 c6 10. O-O Be7 11. Nh3 Qd8 12. Bf3 Bb7 13. Be4 Nd7 14. Qg4 g6 15. Re1
Nb6 16. Bh6 Nd5 17. Rad1 Kd7 18. Qf3 Qe8 19. b3 c3 20. Bxd5 cxd5 21. Qxc3 Rc8
22. Qf3 Bb4 23. Re3 Bf8 24. Qf4 Bxh6 25. Qxh6 Qf8 26. Qf4 h6 27. Qf3 g5 28. Qh5
Qg7 29. Rf3 Ke7 30. Rf6 Rc2 31. f4 g4 32. Nf2 Rxf2 33. Rc1 Rc8 34. Rxc8 Rxg2+
35. Kxg2 Bxc8 36. Qxh6 Qg8 37. Qg5 Qf8 38. Rg6+ Kd7 39. Rg8 1-0

[Event "Division Honor Aragonesa Grupo A "]
[Site "Aragon"]
[Date "2017.02.11"]
[Round "3.7"]
[White "Cobo Garrido, Diego Israel"]
[Black "Ramiro Ovejero, Juan Luis"]
[Result "1-0"]
[WhiteElo "2070"]
[BlackElo "2386"]
[PlyCount "131"]
[EventDate "2017.01.28"]
[WhiteTeam "ONCE C.A. Aragon"]
[BlackTeam "Jaime Casas"]

1. e4 c6 2. d4 d5 3. exd5 cxd5 4. Bd3 Nc6 5. c3 Nf6 6. Bf4 g6 7. Nf3 Bg7 8. O-O
Bf5 9. Bxf5 gxf5 10. Qb3 Qd7 11. Ne5 Nxe5 12. Bxe5 O-O 13. Nd2 Ne4 14. Nxe4
fxe4 15. Bxg7 Kxg7 16. Rae1 f5 17. f4 Rf6 18. Re3 Rg6 19. Qd1 Rg8 20. Qh5 Kh8
21. Rf2 e6 22. Qd1 Qg7 23. g3 Rg4 24. Qf1 h5 25. Rg2 h4 26. Kh1 Qh6 27. Kg1
R8g7 28. Qe2 h3 29. Rf2 Rxf4 30. Rxf4 Qxf4 31. Qh5+ Kg8 32. Re2 Qc1+ 33. Kf2
Qg5 34. Qe8+ Kh7 35. Qxe6 f4 36. Qxh3+ Kg8 37. Qc8+ Kh7 38. Qh3+ Kg8 39. Qc8+
Kf7 40. Qd7+ Kf8 41. Qc8+ Kf7 42. Qd7+ Kf8 43. Qc8+ Ke7 44. Qxb7+ Kf8 45. Qb8+
Ke7 46. Qxa7+ Kf6 47. Qa6+ Kf5 48. Qc8+ Kg6 49. Qe6+ Kh7 50. Qe5 Qh6 51. Qxf4
Qxh2+ 52. Ke1 Qg1+ 53. Kd2 Rxg3 54. Kc2 Rg2 55. Qf5+ Kg7 56. Qh5 Qf1 57. Rxg2+
Qxg2+ 58. Kc1 Qf1+ 59. Qd1 Qf4+ 60. Qd2 e3 61. Qg2+ Kf6 62. Kd1 Qf5 63. Ke2
Qc2+ 64. Kf3 Qe4+ 65. Kg3 Kf5 66. Qf3+ 1-0

[Event "Division Honor Aragonesa Grupo A "]
[Site "Aragon"]
[Date "2017.02.11"]
[Round "3.8"]
[White "Quintin Navarro, Alberto"]
[Black "Fuertes Garay, Javier"]
[Result "1-0"]
[WhiteElo "2367"]
[BlackElo "2085"]
[PlyCount "81"]
[EventDate "2017.01.28"]
[WhiteTeam "Jaime Casas"]
[BlackTeam "ONCE C.A. Aragon"]

1. e4 e5 2. Nf3 Nc6 3. Bb5 a6 4. Ba4 Nf6 5. O-O Be7 6. d3 b5 7. Bb3 d6 8. Nc3
O-O 9. a4 b4 10. Nd5 Be6 11. a5 Rb8 12. Bc4 Bxd5 13. exd5 Na7 14. d4 e4 15. Nd2
Nb5 16. Re1 Nxd4 17. Nxe4 c5 18. dxc6 Nxc6 19. Ng3 d5 20. Bxa6 Nxa5 21. Rxe7
Qxe7 22. Rxa5 Rfe8 23. Be3 Ra8 24. Ra1 Qe6 25. Bd3 Rxa1 26. Qxa1 h5 27. h3 g6
28. Qa4 Qd6 29. Bd4 Nd7 30. Nf1 Rb8 31. Qa7 Ne5 32. Ne3 Nc6 33. Qc5 Qe6 34.
Nxd5 Nxd4 35. Qxd4 Ra8 36. Nf6+ Kf8 37. Qxb4+ Kg7 38. Ne4 Ra1+ 39. Kh2 h4 40.
Qd4+ Kf8 41. Qh8+ 1-0

[Event "Division Honor Aragonesa Grupo A "]
[Site "Aragon"]
[Date "2017.02.11"]
[Round "3.9"]
[White "Hinojar Basa, Alfonso"]
[Black "Baron Rodriguez, Jesus"]
[Result "1/2-1/2"]
[WhiteElo "2175"]
[BlackElo "2430"]
[PlyCount "101"]
[EventDate "2017.01.28"]
[WhiteTeam "Marcos Frechin"]
[BlackTeam "IberCaja"]

1. e4 e5 2. Nf3 Nc6 3. Bc4 Nf6 4. d3 Be7 5. O-O O-O 6. Re1 d6 7. a4 h6 8. c3
Nh7 9. h3 Ng5 10. Nxg5 Bxg5 11. Nd2 Ne7 12. Nf3 Ng6 13. Nxg5 hxg5 14. Qh5 Nf4
15. Bxf4 gxf4 16. d4 Qf6 17. Rad1 g5 18. dxe5 dxe5 19. h4 gxh4 20. Rd5 Re8 21.
Red1 Kg7 22. Be2 h3 23. gxh3 Rh8 24. Qxe5 Bxh3 25. Qd4 Qxd4 26. R1xd4 c6 27.
Rh5 Rxh5 28. Bxh5 Kf6 29. Bf3 Rg8+ 30. Kh2 Be6 31. a5 c5 32. Rd2 Ke5 33. b4
cxb4 34. cxb4 Rc8 35. Kg2 a6 36. Rb2 Bd7 37. Be2 Rg8+ 38. Kf1 Kxe4 39. b5 axb5
40. Bxb5 Be6 41. a6 bxa6 42. Bxa6 Bd5 43. Bb7 Bxb7 44. Rxb7 Rc8 45. Rb4+ Kf3
46. Rb3+ Kg4 47. Kg2 Rc2 48. Rb4 f6 49. Ra4 f5 50. Rb4 Kg5 51. Rb3 1/2-1/2

[Event "Division Honor Aragonesa Grupo A "]
[Site "Aragon"]
[Date "2017.02.11"]
[Round "3.10"]
[White "Hefty, Jorge W"]
[Black "Jario Garcia, Ricardo"]
[Result "1-0"]
[WhiteElo "2369"]
[BlackElo "2102"]
[PlyCount "97"]
[EventDate "2017.01.28"]
[WhiteTeam "IberCaja"]
[BlackTeam "Marcos Frechin"]

1. d4 Nf6 2. Nf3 g6 3. Bf4 Bg7 4. e3 O-O 5. h3 d6 6. Be2 c5 7. c3 b6 8. O-O Ba6
9. Nbd2 Bxe2 10. Qxe2 Nc6 11. Rad1 Qc8 12. Rfe1 Rd8 13. e4 cxd4 14. cxd4 Qb7
15. d5 Nb4 16. Qc4 a5 17. Qb3 Nd7 18. Be3 Nc5 19. Bxc5 bxc5 20. a3 a4 21. Qc4
Na6 22. Qxa4 Qxb2 23. Nc4 Qb7 24. Rb1 Qc7 25. Rb6 Nb4 26. Qb3 Na6 27. Rb1 Bf6
28. Qb5 Qc8 29. Rb7 Qxb7 30. Qxb7 Rdb8 31. g4 Rxb7 32. Rxb7 h6 33. Kf1 Kf8 34.
Nb6 Rd8 35. Nd2 c4 36. Nbxc4 Nc5 37. Rb5 Ra8 38. e5 Bg5 39. exd6 Bxd2 40. dxe7+
Kxe7 41. Nxd2 Kd6 42. f3 f5 43. Rb6+ Kxd5 44. Rxg6 fxg4 45. hxg4 Rxa3 46. Rxh6
Ra2 47. Rh2 Ne6 48. Ke2 Ke5 49. Rh5+ 1-0

[Event "Division Honor Aragonesa Grupo A "]
[Site "Aragon"]
[Date "2017.02.11"]
[Round "3.11"]
[White "Sancho Cortes, Miguel Angel"]
[Black "Torcal Miguel, Oscar"]
[Result "0-1"]
[WhiteElo "2063"]
[BlackElo "1980"]
[PlyCount "90"]
[EventDate "2017.01.28"]
[WhiteTeam "Marcos Frechin"]
[BlackTeam "IberCaja"]

1. e4 c5 2. d4 cxd4 3. c3 d3 4. c4 d6 5. Bxd3 g6 6. Nf3 Bg7 7. O-O Nc6 8. h3
Nf6 9. Nc3 O-O 10. Be3 Nd7 11. Rc1 Nc5 12. Bb1 Be6 13. Qe2 Rc8 14. b3 Qa5 15.
Nd5 Bxd5 16. exd5 Ne5 17. Nd4 Ned7 18. Rfd1 Qb6 19. Qd2 a5 20. Bg5 Rfe8 21. Re1
Nf6 22. Nb5 Ncd7 23. Be3 Qa6 24. Rcd1 Nb6 25. Nd4 Nbd7 26. Bh6 Bxh6 27. Qxh6 a4
28. Re3 Kh8 29. Rde1 axb3 30. axb3 Qb6 31. Nf3 Ng8 32. Qf4 Ndf6 33. g4 Kg7 34.
Nd4 Nd7 35. Nb5 Ne5 36. Qd4 Qxd4 37. Nxd4 g5 38. Nf5+ Kf8 39. Kg2 Nf6 40. f3 b5
41. cxb5 Nxd5 42. Rxe5 dxe5 43. Rxe5 Nf4+ 44. Kg3 Rc1 45. Be4 f6 0-1

[Event "Division Honor Aragonesa Grupo A "]
[Site "Aragon"]
[Date "2017.02.11"]
[Round "3.12"]
[White "Garcia Monterde, Francisco Jos"]
[Black "Gaspar Calvo, Luis Alberto"]
[Result "1/2-1/2"]
[WhiteElo "1912"]
[BlackElo "1985"]
[PlyCount "53"]
[EventDate "2017.01.28"]
[WhiteTeam "IberCaja"]
[BlackTeam "Marcos Frechin"]

1. d4 Nf6 2. Nf3 b6 3. e3 Bb7 4. Bd3 e6 5. O-O Be7 6. Nbd2 d5 7. b3 O-O 8. Bb2
Nbd7 9. Ne5 Nxe5 10. dxe5 Ne4 11. f3 Nxd2 12. Qxd2 f5 13. exf6 Bxf6 14. Bxf6
Qxf6 15. Qe2 e5 16. e4 d4 17. c3 c5 18. cxd4 cxd4 19. Rac1 Rac8 20. Qd2 g5 21.
Rxc8 Rxc8 22. Rc1 Rxc1+ 23. Qxc1 Qf4 24. Qxf4 gxf4 25. g3 fxg3 26. hxg3 Kf7 27.
Kg2 1/2-1/2

[Event "Division Honor Aragonesa Grupo A "]
[Site "Aragon"]
[Date "2017.02.11"]
[Round "3.14"]
[White "Ramon Perez, Jose Luis"]
[Black "Gimenez Martinez, Alberto"]
[Result "0-1"]
[WhiteElo "2256"]
[BlackElo "2204"]
[PlyCount "120"]
[EventDate "2017.01.28"]
[WhiteTeam "Agrupacion"]
[BlackTeam "St. Casablanca B"]

1. e4 e5 2. Nc3 Nc6 3. Bc4 Nf6 4. d3 Bc5 5. f4 d6 6. Nf3 Bg4 7. Na4 O-O 8. Nxc5
dxc5 9. O-O Qd6 10. Qd2 Bxf3 11. gxf3 Nd7 12. Kh1 Nd4 13. fxe5 Nxe5 14. Qg2
Nxc4 15. dxc4 Qg6 16. c3 Qxg2+ 17. Kxg2 Ne6 18. Be3 f5 19. Rad1 fxe4 20. fxe4
Rxf1 21. Kxf1 Kf7 22. Ke2 Ke7 23. h4 Rf8 24. Rg1 Kd6 25. b4 cxb4 26. cxb4 Ke5
27. Rg4 g6 28. a4 Nf4+ 29. Kf3 Nd5+ 30. Ke2 Nc3+ 31. Kd3 Nxa4 32. Rg5+ Ke6 33.
h5 Nb2+ 34. Kd4 Rd8+ 35. Rd5 Rd7 36. hxg6 hxg6 37. Bf4 c6 38. Rxd7 Kxd7 39. Bc1
Nd1 40. Ke5 Nf2 41. Bd2 b6 42. b5 c5 43. Kd5 Nd3 44. Bg5 Nb4+ 45. Ke5 a5 46.
bxa6 Nxa6 47. Kf6 Nc7 48. Bf4 b5 49. cxb5 Nxb5 50. Kxg6 Ke6 51. Kg5 c4 52. Kg4
Nd4 53. Bh6 Ke5 54. Kg3 Kxe4 55. Kf2 Kd3 56. Ke1 c3 57. Bg7 c2 58. Bh6 Nf3+ 59.
Kf2 Nd2 60. Bxd2 Kxd2 0-1

[Event "Division Honor Aragonesa Grupo A "]
[Site "Aragon"]
[Date "2017.02.11"]
[Round "3.15"]
[White "Gomez Anadon, Daniel"]
[Black "Roque Sola, Jose Luis"]
[Result "0-1"]
[WhiteElo "2175"]
[BlackElo "2177"]
[PlyCount "104"]
[EventDate "2017.01.28"]
[WhiteTeam "St. Casablanca B"]
[BlackTeam "Agrupacion"]

1. e4 e6 2. d4 d5 3. Nc3 Nf6 4. e5 Nfd7 5. f4 c5 6. Nf3 Nc6 7. Be3 cxd4 8. Nxd4
Bc5 9. Qd2 O-O 10. O-O-O a6 11. h4 Nxd4 12. Bxd4 b5 13. Rh3 Qb6 14. h5 Bb7 15.
Rg3 Bxd4 16. Qxd4 Qxd4 17. Rxd4 f6 18. exf6 Nxf6 19. h6 g6 20. Be2 Kf7 21. a4
bxa4 22. Rxa4 Ne8 23. Bd3 Nd6 24. Ne2 Ke7 25. Re3 Kd7 26. g3 Nf7 27. Nd4 Rfe8
28. Rb4 Ra7 29. Rb6 Nd6 30. g4 Ne4 31. Bxe4 dxe4 32. Reb3 Bd5 33. Ra3 Rf8 34.
Raxa6 Rxa6 35. Rxa6 Rxf4 36. Ra7+ Kd6 37. Kd2 Rxg4 38. Rxh7 Rh4 39. b3 Ke5 40.
Ne2 Rh3 41. Rh8 e3+ 42. Kd3 Be4+ 43. Kc3 g5 44. Rg8 Kf6 45. Rf8+ Kg6 46. b4 Rh2
47. Kd4 Rxe2 48. Kxe4 Rf2 49. Re8 e2 50. Rxe6+ Kf7 51. Kd5 Rf5+ 52. Kd6 Rf6 0-1

[Event "Division Honor Aragonesa Grupo A "]
[Site "Aragon"]
[Date "2017.02.11"]
[Round "3.16"]
[White "Mimbela Lopez, Miguel A"]
[Black "Arregui Untoria, Carlos"]
[Result "1-0"]
[WhiteElo "2146"]
[BlackElo "2075"]
[PlyCount "71"]
[EventDate "2017.01.28"]
[WhiteTeam "Agrupacion"]
[BlackTeam "St. Casablanca B"]

1. e4 c5 2. Nc3 e6 3. Nf3 a6 4. g3 Nc6 5. d4 cxd4 6. Nxd4 Qc7 7. Bg2 Nf6 8. O-O
Be7 9. Kh1 h5 10. Bg5 Nxd4 11. Qxd4 Bc5 12. Qd2 Ng4 13. Bf4 e5 14. Nd5 Qd6 15.
Be3 Nxe3 16. fxe3 O-O 17. b4 Ba7 18. Nf6+ Qxf6 19. Rxf6 gxf6 20. Qe2 d6 21.
Qxh5 Kg7 22. Rf1 Rh8 23. Qf3 Rh6 24. Rd1 Be6 25. Rxd6 Rc8 26. Qd1 Rch8 27. h4
Bxe3 28. Bf3 Rg6 29. Qe1 Ba7 30. a3 Rc8 31. c3 Rh8 32. Kh2 Rc8 33. Bg2 Rh8 34.
Bh3 Bxh3 35. Kxh3 Rc8 36. Rd7 1-0

[Event "Division Honor Aragonesa Grupo B"]
[Site "Aragon"]
[Date "2017.02.11"]
[Round "3.17"]
[White "Glavina, Pablo"]
[Black "Nicolas Zapata, Irene"]
[Result "1/2-1/2"]
[WhiteElo "2391"]
[BlackElo "2252"]
[PlyCount "72"]
[EventDate "2017.01.28"]
[WhiteTeam "St. Casablanca"]
[BlackTeam "Teruel"]

1. e4 c6 2. d4 g6 3. c4 d5 4. cxd5 cxd5 5. e5 Bg7 6. Nc3 Nc6 7. Bb5 Nh6 8. h3
a6 9. Bxc6+ bxc6 10. Nf3 O-O 11. O-O f6 12. exf6 exf6 13. Na4 Nf7 14. Nc5 Re8
15. Qa4 Qb6 16. Bd2 Nd6 17. Rfe1 Bf5 18. Rxe8+ Rxe8 19. Qxa6 Qxb2 20. Re1 Rc8
21. g4 Be4 22. Bf4 Qb5 23. Bxd6 Qxa6 24. Nxa6 Bxf3 25. Re3 Be4 26. f3 Bh6 27.
Ra3 Bb1 28. Nb4 Bd2 29. Bc5 f5 30. Ra7 f4 31. a3 Re8 32. Kf2 Be1+ 33. Kg2 Bh4
34. Nxc6 Re2+ 35. Kh1 Re1+ 36. Kg2 Re2+ 1/2-1/2

[Event "Division Honor Aragonesa Grupo B"]
[Site "Aragon"]
[Date "2017.02.11"]
[Round "3.18"]
[White "Garcia Fernandez, Javier"]
[Black "Lopez Gracia, Fernando"]
[Result "0-1"]
[WhiteElo "2166"]
[BlackElo "2302"]
[PlyCount "90"]
[EventDate "2017.01.28"]
[WhiteTeam "Teruel"]
[BlackTeam "St. Casablanca"]

1. e4 e5 2. Nf3 Nc6 3. d4 exd4 4. Bc4 Nf6 5. e5 Ng4 6. Qe2 Qe7 7. Bf4 f6 8.
exf6 gxf6 9. Nbd2 Qxe2+ 10. Bxe2 Bc5 11. Nb3 Bb6 12. O-O d6 13. Rad1 Bd7 14.
Nfxd4 Nxd4 15. Nxd4 O-O-O 16. h3 Ne5 17. c4 Rde8 18. Bh5 Re7 19. b3 Rg8 20. Kh2
Ng6 21. Be3 f5 22. Nc2 Bc6 23. Bxb6 Nf4 24. Bf3 Bxf3 25. gxf3 axb6 26. Ne3 Rg5
27. Rd4 Ne6 28. Rdd1 Rh5 29. Nd5 Rf7 30. f4 c6 31. Rfe1 Rh6 32. Nxb6+ Kc7 33.
c5 Nxc5 34. Nc4 Ne4 35. Rf1 Rg7 36. Ne3 Rh5 37. b4 Rg6 38. Ng2 Nf6 39. f3 Nd5
40. Rfe1 Rhh6 41. Rd4 Re6 42. Rxe6 Rxe6 43. a3 Re2 44. Kg1 Ra2 45. Rd3 Rxg2+
0-1

[Event "Division Honor Aragonesa Grupo B"]
[Site "Aragon"]
[Date "2017.02.11"]
[Round "3.19"]
[White "Chueca Lorente, Javier"]
[Black "Dominguez Bujeda, Jesus"]
[Result "1-0"]
[WhiteElo "2077"]
[BlackElo "2104"]
[PlyCount "83"]
[EventDate "2017.01.28"]
[WhiteTeam "St. Casablanca"]
[BlackTeam "Teruel"]

1. e4 c5 2. Nf3 g6 3. d4 cxd4 4. Nxd4 Nc6 5. c4 Nf6 6. Nc3 d6 7. Be2 Nxd4 8.
Qxd4 Bg7 9. O-O O-O 10. Qd3 Be6 11. Bd2 Nd7 12. b3 Ne5 13. Qc2 Nc6 14. Rac1 Nd4
15. Qd3 f5 16. Be3 Nc6 17. f4 Qa5 18. Bf3 Rac8 19. a4 Kh8 20. Nb5 fxe4 21. Bxe4
Bf5 22. Bxf5 gxf5 23. Rf3 a6 24. Nd4 Nxd4 25. Bxd4 e5 26. fxe5 dxe5 27. Rxf5
Rxf5 28. Qxf5 Rf8 29. Qg5 h6 30. Qh5 Qd2 31. Rd1 Qf4 32. Bc5 Rf5 33. Qe2 e4 34.
Be3 Qh4 35. Bf2 Qe7 36. Qg4 Rf7 37. Re1 Qb4 38. Rxe4 Qxb3 39. Re8+ Rf8 40.
Rxf8+ Bxf8 41. Bd4+ Kh7 42. Qf5+ 1-0

[Event "Division Honor Aragonesa Grupo B"]
[Site "Aragon"]
[Date "2017.02.11"]
[Round "3.20"]
[White "Martin Catalan, Juan Vicente"]
[Black "Arjol Lopez, Daniel"]
[Result "1-0"]
[WhiteElo "2059"]
[BlackElo "1927"]
[PlyCount "121"]
[EventDate "2017.01.28"]
[WhiteTeam "Teruel"]
[BlackTeam "St. Casablanca"]

1. d4 d5 2. Bf4 Nf6 3. e3 Bf5 4. c3 e6 5. Nf3 Bd6 6. Bg3 h6 7. Nbd2 O-O 8. Ne5
Nbd7 9. Ndf3 Bxe5 10. Nxe5 Nxe5 11. Bxe5 Nd7 12. Bg3 Re8 13. Be2 c5 14. O-O Qb6
15. Qd2 Rac8 16. Rac1 cxd4 17. cxd4 Rc6 18. Rxc6 bxc6 19. Rc1 e5 20. dxe5 c5
21. Rd1 Nxe5 22. b3 d4 23. Bf1 Bg4 24. Re1 Ng6 25. f3 dxe3 26. Rxe3 Rd8 27. Qe1
Be6 28. h4 Qb4 29. Qxb4 cxb4 30. Rd3 Rc8 31. Rd6 a5 32. Ra6 Rc5 33. Bd3 Bf5 34.
Bc4 Bb1 35. Bd6 Rc8 36. Rxa5 Nxh4 37. Ra7 Bg6 38. Bxb4 Nf5 39. Kf2 Nd4 40. Rd7
Nc2 41. Be7 Kh7 42. a4 Re8 43. Bc5 Rc8 44. Bd6 Rc6 45. Bf8 Rc8 46. Be7 Rc6 47.
a5 Bf5 48. Rd8 Rc7 49. Bf8 Be6 50. Bxe6 fxe6 51. a6 Ra7 52. Rd2 Na1 53. Ra2
Nxb3 54. Ra3 Ra8 55. Bd6 Nd2 56. Bc5 Kg6 57. a7 Kh7 58. Ke2 Nc4 59. Rb3 Rd8 60.
Rb8 Rd2+ 61. Ke1 1-0

[Event "Division Honor Aragonesa Grupo B"]
[Site "Aragon"]
[Date "2017.02.11"]
[Round "3.21"]
[White "Garza Marco, Sergio"]
[Black "Baquedano Coarasa, Pablo"]
[Result "1-0"]
[WhiteElo "2398"]
[BlackElo "2214"]
[PlyCount "63"]
[EventDate "2017.01.28"]
[WhiteTeam "Helios"]
[BlackTeam "Palacio de Pioneros"]

1. d4 Nf6 2. c4 g6 3. Nc3 Bg7 4. e4 d6 5. Be2 O-O 6. Be3 e5 7. d5 a5 8. g4 Na6
9. h4 Nc5 10. f3 c6 11. h5 cxd5 12. cxd5 Qb6 13. Qd2 Bd7 14. Nh3 a4 15. Rc1
Rac8 16. Nf2 Qa5 17. Nb5 Nd3+ 18. Nxd3 Qxd2+ 19. Kxd2 Bxb5 20. h6 Bh8 21. Rxc8
Rxc8 22. Rc1 Rxc1 23. Nxc1 Bd7 24. Kc3 Ne8 25. Kb4 f5 26. g5 Nc7 27. Ka5 Nxd5
28. exd5 e4 29. fxe4 fxe4 30. Bb5 a3 31. bxa3 Bc3+ 32. Kb6 1-0

[Event "Division Honor Aragonesa Grupo B"]
[Site "Aragon"]
[Date "2017.02.11"]
[Round "3.22"]
[White "Romero Pallares, Daniel"]
[Black "Guzman Moneo, Alberto"]
[Result "0-1"]
[WhiteElo "2211"]
[BlackElo "2219"]
[PlyCount "142"]
[EventDate "2017.01.28"]
[WhiteTeam "Palacio de Pioneros"]
[BlackTeam "Helios"]

1. Nf3 Nf6 2. d4 g6 3. c4 c5 4. e3 Bg7 5. Nc3 cxd4 6. exd4 d5 7. Be2 O-O 8. O-O
Nc6 9. h3 Be6 10. Ng5 Bf5 11. Be3 Nb4 12. g4 Bc8 13. Qb3 Nc6 14. cxd5 Na5 15.
Qa3 Nxd5 16. Nxd5 Qxd5 17. Rac1 Nc6 18. Bf3 Qd8 19. d5 Nd4 20. Rfd1 Nb5 21. Qc5
Bd7 22. a4 Rc8 23. Qb4 Rxc1 24. Rxc1 Nd6 25. a5 Nb5 26. Be2 a6 27. Bb6 Qe8 28.
Bc5 Nd6 29. Ne4 Nxe4 30. Qxe4 Bxb2 31. Rb1 Bf6 32. Rxb7 Qc8 33. Qb4 Bb5 34.
Rxb5 axb5 35. Bxb5 Qc7 36. Bc6 Rb8 37. Bb6 Qe5 38. Kg2 Qc3 39. Qxc3 Bxc3 40.
Kf3 Kf8 41. Ke4 Bb4 42. Kd4 Be1 43. Kc4 h6 44. f3 Bxa5 45. Bxa5 Rb1 46. Kd4 Rh1
47. Ke4 Rxh3 48. Bd2 g5 49. f4 f6 50. fxg5 hxg5 51. Be3 Kg7 52. Bc5 Kf7 53. Bd7
Rh1 54. Be6+ Kf8 55. Kf5 Rc1 56. Ba3 Rc3 57. Bb2 Rc2 58. Bd4 Rd2 59. Bb6 Rb2
60. Bc7 Kg7 61. Bd8 Rb4 62. Bc7 Rc4 63. Bg3 Rd4 64. Bh2 Rd2 65. Bg3 Rd3 66. Bh2
Rd2 67. d6 exd6 68. Bg3 Rd3 69. Be1 d5 70. Bd7 Re3 71. Bd2 Re5# 0-1

[Event "Division Honor Aragonesa Grupo B"]
[Site "Aragon"]
[Date "2017.02.11"]
[Round "3.23"]
[White "Cerrajeria Ruiz, Jesus Maria"]
[Black "Palacios Herrero, Pablo"]
[Result "0-1"]
[WhiteElo "2187"]
[BlackElo "2095"]
[PlyCount "194"]
[EventDate "2017.01.28"]
[WhiteTeam "Helios"]
[BlackTeam "Palacio de Pioneros"]

1. g3 d5 2. Bg2 Nf6 3. Nf3 e6 4. O-O Be7 5. d3 O-O 6. Nbd2 c5 7. e4 Nc6 8. e5
Nd7 9. Re1 b5 10. h4 Bb7 11. Nf1 Qe8 12. Bh3 d4 13. h5 Rc8 14. a3 c4 15. Bg2
Bc5 16. dxc4 bxc4 17. Nxd4 Bxd4 18. Bxc6 Bxf2+ 19. Kxf2 Bxc6 20. h6 f6 21. hxg7
Rf7 22. exf6 Rxf6+ 23. Bf4 Qg6 24. Qd4 e5 25. Rxe5 Nxe5 26. Qxe5 Re8 27. Qd4
Qxc2+ 28. Nd2 Rfe6 29. Qxc4 Qxc4 30. Nxc4 Re2+ 31. Kf1 Rh2 32. Rc1 Rh1+ 33. Kf2
Rxc1 34. Bxc1 Kxg7 35. Be3 Rf8+ 36. Bf4 Be8 37. Ke3 Bg6 38. Kd4 Rf7 39. Nd6 Re7
40. b4 Re2 41. a4 Kf6 42. Kd5 Ra2 43. a5 Bd3 44. Be5+ Kg6 45. Kc6 h5 46. Kb7 a6
47. Kb6 Re2 48. Bf4 Re6 49. Kc5 Rf6 50. b5 Bxb5 51. Nxb5 Rf5+ 52. Kb6 Rxb5+ 53.
Kxa6 Rb4 54. Bd6 Ra4 55. Kb5 Ra1 56. a6 Kf5 57. Be7 Ke6 58. Bc5 Kd7 59. a7 Kc7
60. Bd4 Ra2 61. Kc4 Kb7 62. Kd5 Rg2 63. Be5 Kxa7 64. Ke4 Kb7 65. Kf3 Ra2 66.
Kf4 Kc6 67. Bf6 Ra5 68. Bd8 Rb5 69. Be7 Kd7 70. Bh4 Ke6 71. Bd8 Kf7 72. Bh4 Kg6
73. Be7 Ra5 74. Bd8 Ra4+ 75. Ke5 Rb4 76. Be7 Rc4 77. Bh4 Rg4 78. Ke6 Re4+ 79.
Kd5 Re2 80. Kd4 Kf5 81. Kd3 Re6 82. Kd2 Kg4 83. Kd3 Kf3 84. Kd2 Re4 85. Kc1
Re1+ 86. Kd2 Re2+ 87. Kd1 Rg2 88. Ke1 Rg1+ 89. Kd2 Rxg3 90. Ke1 Rg1+ 91. Kd2
Rf1 92. Be7 Kg4 93. Ke2 Rf5 94. Bd6 h4 95. Bc7 Kh3 96. Bd8 Kg3 97. Bc7+ Kg2 0-1

[Event "Division Honor Aragonesa Grupo B"]
[Site "Aragon"]
[Date "2017.02.11"]
[Round "3.24"]
[White "Echarte Buil, Oscar"]
[Black "Aparicio Navarro, Pedro"]
[Result "1/2-1/2"]
[WhiteElo "2111"]
[BlackElo "2135"]
[PlyCount "112"]
[EventDate "2017.01.28"]
[WhiteTeam "Palacio de Pioneros"]
[BlackTeam "Helios"]

1. c4 Nf6 2. g3 e5 3. Bg2 g6 4. Nc3 Bg7 5. e3 O-O 6. Nge2 c6 7. d4 d6 8. O-O
Nbd7 9. b3 Re8 10. Ba3 Bf8 11. Qc2 e4 12. Rac1 Qa5 13. Bb2 d5 14. cxd5 cxd5 15.
a3 Nb6 16. Nf4 g5 17. Nh3 Bxh3 18. Bxh3 g4 19. Bg2 Rac8 20. Rfd1 Nbd7 21. b4
Qd8 22. Qb3 Nb6 23. Bf1 a6 24. a4 Qd6 25. a5 Nbd7 26. b5 axb5 27. Bxb5 Rc7 28.
Ba4 Qe6 29. Nxe4 Rxc1 30. Nxf6+ Nxf6 31. Rxc1 Ra8 32. Bc3 Ne4 33. Be1 Ng5 34.
Qxb7 Nf3+ 35. Kf1 Rd8 36. Qb6 Rd6 37. Qb1 Nxh2+ 38. Ke2 Qf6 39. Bb5 Re6 40. Rc8
Kg7 41. Qd3 Nf3 42. Bc3 Ng5 43. Bd7 Qf3+ 44. Ke1 Re4 45. Re8 Rxe8 46. Bxe8 Ne4
47. Qc2 Nxg3 48. fxg3 Qxe3+ 49. Kd1 Qxe8 50. Qf5 Qa4+ 51. Kd2 Qa2+ 52. Ke3 Qc4
53. Qg5+ Kh8 54. Qf6+ Kg8 55. Qg5+ Bg7 56. Qd8+ Bf8 1/2-1/2

[Event "Division Honor Aragonesa Grupo B"]
[Site "Aragon"]
[Date "2017.02.11"]
[Round "3.25"]
[White "Cebrian Valverde, Jose Antonio"]
[Black "Del Rey, Diego"]
[Result "0-1"]
[WhiteElo "2137"]
[BlackElo "2356"]
[PlyCount "48"]
[EventDate "2017.01.28"]
[WhiteTeam "San Jose"]
[BlackTeam "El Olivar"]

1. d4 Nf6 2. c4 g6 3. Nc3 Bg7 4. e4 d6 5. Be2 Nbd7 6. h4 h5 7. Be3 c5 8. Qd2
Qa5 9. O-O-O cxd4 10. Bxd4 O-O 11. Kb1 Re8 12. Nh3 a6 13. f3 Rb8 14. Ba7 Ra8
15. Bd4 Nc5 16. Bxf6 exf6 17. Qxd6 Bxh3 18. gxh3 Rad8 19. Qf4 f5 20. Rxd8 Rxd8
21. Nd5 Na4 22. e5 Re8 23. Nf6+ Bxf6 24. exf6 Qb6 0-1

[Event "Division Honor Aragonesa Grupo B"]
[Site "Aragon"]
[Date "2017.02.11"]
[Round "3.26"]
[White "Hernando Garcia, Antonio"]
[Black "Ferreruela Romero, Jose Joaqui"]
[Result "1-0"]
[WhiteElo "2185"]
[BlackElo "2073"]
[PlyCount "53"]
[EventDate "2017.01.28"]
[WhiteTeam "El Olivar"]
[BlackTeam "San Jose"]

1. Nf3 b6 2. c4 Bb7 3. g3 Bxf3 4. exf3 c5 5. d4 cxd4 6. Qxd4 Nc6 7. Qd2 g6 8.
Nc3 Bg7 9. b3 Nf6 10. Bb2 O-O 11. Bg2 Rc8 12. O-O d6 13. Rad1 Qd7 14. f4 Rfd8
15. Rfe1 Na5 16. Nd5 Nxd5 17. Bxd5 Bxb2 18. Qxb2 e6 19. Bf3 Qc7 20. Re2 a6 21.
Qf6 Qc5 22. Bg4 b5 23. Rxe6 Rf8 24. Re7 Rc7 25. Rde1 Rxe7 26. Rxe7 bxc4 27. Be6
1-0